Wer hat Angst vor der Wissenschaft? über Wissenschaftler, Politik und Gesellschaft

Guardado en:
Detalles Bibliográficos
Autor principal: Legay, Jean-Marie
Formato: Libro
Lenguaje:alemán
Publicado: Leipzig Urania 1984
Etiquetas: Agregar Etiqueta
Sin Etiquetas, Sea el primero en etiquetar este registro!

MARC

LEADER 00000nam a2200000 4500
001 c112671
005 20250506110546.6
041 0 |a ger 
044 |a DE 
245 1 0 |a Wer hat Angst vor der Wissenschaft?  |b über Wissenschaftler, Politik und Gesellschaft  |c Jean-Marie Legay ; [Aus dem Französischen übersetzt von Armin Ricker] 
264 1 |a Leipzig  |b Urania  |c 1984 
300 |a 223 s. 
100 1 |a Legay, Jean-Marie